| 000 | 01119nam a22003257a 4500 | ||
|---|---|---|---|
| 003 | CHAP | ||
| 005 | 20220329140742.0 | ||
| 008 | 971013s1957 r 00010 d | ||
| 010 | _a57054 | ||
| 011 | _a58026 | ||
| 035 | _a62181 | ||
| 040 | _cCHAP | ||
| 082 |
_a631.45 _bS24 |
||
| 100 | 0 | 0 |
_aSchwab, Glenn Orville. _9103270 |
| 245 | _aElementary soil and water engineering | ||
| 260 |
_aNew York : _bWiley, _c1957 |
||
| 300 |
_a296 p. _b: ilus. |
||
| 590 |
_aBATCH-UPD _b10 _c20130110 _lUCH01 _h1549 |
||
| 590 |
_aBATCH-UPD _b10 _c20130410 _lUCH01 _h0947 |
||
| 590 |
_aBATCH-UPD _b10 _c20130914 _lUCH01 _h1640 |
||
| 590 |
_aCONVERSION _b10 _c20130109 _lUCH01 _h1331 |
||
| 650 | 1 | 4 |
_aIngeniería hidráulica. _958235 |
| 650 | 1 | 4 |
_aSuelos _xConservación. _9110283 |
| 901 | _aBK | ||
| 942 | _cLIBRO | ||
| 949 |
_a631.45 S24 _bBC _cLIBRO _d33724000075347 _eLIBRO _fc.3 _h21543 _i62181 _si |
||
| 949 |
_a631.45 S24 _bBC _cLIBRO _d33724000075354 _eLIBRO _fc.2 _h21542 _i62181 _si |
||
| 949 |
_a631.45 S24 _bBC _cLIBRO _d33724000075362 _eLIBRO _h21541 _i62181 _si |
||
| 949 |
_a631.45 S24 _bBC _cLIBRO _d33724000075370 _eLIBRO _fc.4 _h51578 _i62181 _si |
||
| 999 |
_c57054 _d57054 |
||